Zahlen, die durch 2 teilbar sind - Sudden Death - Statistiken

Allgemein
  • Dieses Quiz wurde 229 mal gespielt
  • Das Durchschnittsergebnis liegt bei 39 aus 50
Answers on the Grid
Answers color-coded by a green-red scale on the quiz's grid according to % correct below.
1
2
3
4
5
6
7
8
9
10
11
12
13
14
15
16
17
18
19
20
21
22
23
24
25
26
27
28
29
30
31
32
33
34
35
36
37
38
39
40
41
42
43
44
45
46
47
48
49
50
51
52
53
54
55
56
57
58
59
60
61
62
63
64
65
66
67
68
69
70
71
72
73
74
75
76
77
78
79
80
81
82
83
84
85
86
87
88
89
90
91
92
93
94
95
96
97
98
99
100
 
Antwortstatistiken
Antwort % Korrekt
2
84%
24
82%
12
80%
18
80%
20
80%
26
80%
28
80%
30
80%
52
80%
64
80%
84
80%
92
80%
10
79%
46
79%
72
79%
90
79%
4
78%
40
78%
44
78%
48
78%
50
78%
56
78%
6
78%
60
78%
62
78%
68
78%
70
78%
86
78%
94
78%
100
77%
42
77%
8
77%
88
77%
14
76%
22
76%
54
76%
76
76%
78
76%
80
76%
82
76%
98
76%
36
75%
38
75%
66
75%
96
75%
16
74%
32
74%
74
72%
34
71%
58
71%
Keine übereinstimmenden Quizze gefunden
Verteilung der Resultate
Anzahl Personen mit jedem Resultat
Perzentil nach korrekt beantworteten Fragen
Ihre Resultats-Entwicklung
Sie haben dieses Quiz noch nicht gespielt